Statistics for Five Countries by First Two Letters by Continent #1

Click here to take the quiz!

General Stats

  • This quiz has been taken 828 times
  • The average score is 28 of 30

Answer Stats

Continent 2 Answer % Correct
EuropeDEDenmark
99%
AfricaZIZimbabwe
99%
EuropeITItaly
99%
South AmericaBOBolivia
98%
South AmericaARArgentina
98%
OceaniaFIFiji
98%
AsiaQAQatar
98%
South AmericaECEcuador
97%
North AmericaJAJamaica
97%
EuropeNENetherlands
97%
North AmericaCACanada
97%
AfricaSUSudan
96%
AsiaKUKuwait
96%
North AmericaELEl Salvador
96%
South AmericaVEVenezuela
96%
AsiaVIVietnam
95%
North AmericaPAPanama
94%
North AmericaGRGrenada
93%
AfricaCHChad
92%
EuropeUNUnited Kingdom
92%
South AmericaGUGuyana
92%
AfricaEGEgypt
91%
EuropeBUBulgaria
91%
OceaniaNENew Zealand
91%
OceaniaTUTuvalu
91%
AfricaLELesotho
90%
OceaniaTOTonga
90%
AsiaSISingapore
86%
AsiaSOSouth Korea
86%
OceaniaMAMarshall Islands
83%

Score Distribution

Percentile by Number Answered

Percent of People with Each Score

Your Score History

You have not taken this quiz